Представление документа в формате RUSMARC

ПолеНазваниеЗначение
  Тип записи a
  Библиографический уровень m
001 Контрольный номер RU/ГПНТБ России/EK/88.532/М 91-607387777
005 Дата корректировки 20251106094159.7
010 Индекс ISBN __
a ISBN 978-5-222-39380-2
b Уточнения в пер.
9 Тираж 3000
d Цена 934-83
035 Другие системные номера 0
8
035 Другие системные номера 0
8
100 Данные общей обработки __
a Данные общей обработки 20251031d2023 m y0rusy0289 ca
101 Язык документа 0_
a Язык текста rus
102 Страна публикации __
a Страна публикации RU
200 Заглавие и сведения об ответственности 1_
a Заглавие Почва под ногами
e Сведения, относящиеся к заглавию книга-практикум для тех, кто ищет опору
f Первые сведения об ответственности Юлия Мурашова
210 Выходные данные 1_
a Место издания Ростов-на-Дону
c Издательство Феникс
d Дата издания 2023
215 Физическое описание __
a Объем 177 с.
c Иллюстрации/тип воспроизводства ил., портр.
d Формат 24 см
225 Серия (Журнальная рубрика) 2_
a Серия (Журнальная рубрика) Серия "Любовь к себе"
300 Общие примечания __
a Общие примечания Содержит ссылки по QR-коду на дополнительные материалы
330 Аннотация __
a Аннотация Книга - универсальный помощник в поисках своего личного счастья и спокойствия. Она поможет вам переосмыслить пережитый опыт и использовать его для личного развития. В книгу включены простые, но действенные и эффективные упражнения, для которых понадобятся только лист бумаги и ручка. Будьте автором своей жизни и напишите ваш сценарий с нуля из состояния полноценности, уверенности, радости и энергии.
333 Примечание о целевом назначении __
a Примечание о целевом назначении 16+
606 Тематические рубрики __
a Основная рубрика Психология
606 Тематические рубрики __
a Основная рубрика Психология личности
610 Ключевые слова 0_
a Ключевые слова популярная психология
a Ключевые слова психологические практикумы
a Ключевые слова самосовершенствование
a Ключевые слова внутренняя гармония
a Ключевые слова личностный рост
a Ключевые слова психогигиена
a Ключевые слова саморазвитие
a Ключевые слова отношение к себе
a Ключевые слова жизненные трудности
a Ключевые слова уверенность в себе
a Ключевые слова преодоление проблем
a Ключевые слова принятие себя
a Ключевые слова самопомощь
a Ключевые слова чувства
a Ключевые слова эмоции
686 Индексы других классификаций __
2 Код системы rubbk
a Индекс ББК 88.3
700 Автор _1
a Фамилия Мурашова
b Имя Ю.
g Полное личное имя Юлия
4 Код отношения 070
801 Источник записи _0
8 ARU
8 BNLR
8 C20230721
8 GPSBO
801 Источник записи _1
8 ARU
8 BNLR
8 C20230721
8 GPSBO
801 Источник записи _2
8 ARU
8 BNLR
8 C20230802
2 Код формата rusmarc
8 GPSBO
801 Источник записи _0
b Организация ГПНТБ России
a Страна RU
c Дата составления 20251031
801 Источник записи _1
b Организация ГПНТБ России
a Страна RU
c Дата составления 20251031
801 Источник записи _2
a Страна RU
b Организация Центральная районная библиотека им. Г. А. Пирожникова
c Дата составления 20251106
g Правила каталогизации bzbo
852 Данные о местонахождении __
j Шифр хранения 88.3
i Авторский знак М 911
901 Тип документа __
t Тип документа m
902 Роль лиц __
b Редактор БЗ ОКиО/Шумских